Statistics for Harry Style's album songs

Click here to take the quiz!

General Stats

  • This quiz has been taken 76 times
  • The average score is 20 of 22

Answer Stats

HintAnswer% Correct
fine linetreat people with kindness
97%
fine linewatermelon sugar
97%
fine linecherry
95%
fine linefine line
95%
harry styleskiwi
95%
fine linefalling
93%
fine lineadore you
92%
harry stylesfrom the dining table
92%
fine linegolden
92%
harry stylescarolina
90%
harry stylesmeet me in the hallway
90%
fine lineto be so lonely
90%
harry stylestwo ghosts
90%
fine lineshe
88%
harry stylessign of the times
88%
harry styleswoman
88%
fine linelights up
87%
harry stylesonly angel
87%
fine linesunflower, vol 6
87%
harry stylessweet creature
87%
fine linecanyon moon
85%
harry stylesever since new york
85%

Score Distribution

Percentile by Number Answered

Percent of People with Each Score

Your Score History

You have not taken this quiz